banner-ar

زمالك 1984 بطل الدورى / (Record no. 48951)

MARC details
000 -الفاتح
حقل البيانات ثابتة الطول 00604nam a2200205Ia 4500
008 - عناصر البيانات ثابتة الطول - معلومات عامة
حقل البيانات ثابتة الطول 140319s9999 xx 000 0 ara d
040 ## - مصدر الفهرسة
وكالة الفهرسة الأصلية GCL /
وكالة النسخ GCL
082 04 - رقم تصنيف ديوى العشرى
رقم التصنيف 796.33
رقم المادة ش ز
100 1# - المدخل الرئيسى - إسم شخصى
الإسم الشخصى شفيق خالد
245 10 - بيان العنوان
العنوان زمالك 1984 بطل الدورى /
بيان المسئوليه,etc شفيق خالد
260 ## - PUBLICATION, DISTRIBUTION, ETC. (IMPRINT)
تاريخ النشر أو التوزيع 1984
300 ## - الوصف المادى
التعداد 113 ص
490 ## - بيان السلسلة
عنوان السلسلة الهيئة العامة للاستعلامات
رقم المجلد/ التعيين التسلسلي 0
650 04 - المدخل الاضافى بالموضوع-مصطلح موضوعى
مصطلح موضوعي الرياضة
650 04 - المدخل الاضافى بالموضوع-مصطلح موضوعى
مصطلح موضوعي كرة القدم
650 04 - المدخل الاضافى بالموضوع-مصطلح موضوعى
مصطلح موضوعي كرة القدم, نوادى
650 04 - المدخل الاضافى بالموضوع-مصطلح موضوعى
مصطلح موضوعي النادى الزمالك
942 ## - عناصر المدخل الإضافي( كوها)
مصدر التصنيف او مخطط الترفيف Dewey Decimal Classification
Koha [default] item type كتاب
260 ## - PUBLICATION, DISTRIBUTION, ETC. (IMPRINT)
-- [S.N] :
-- E.M.M.E ،
Holdings
حالة التراجع حالة الفقد حالة تلف ليس للاعارة المكان المؤقت الموقع الحالى تاريخ الاكتساب اجمالي اﻻعارات رقم الطلب الباركود تاريخ اخر مشاهدة تاريخ تفعيل السعر نوع وعاء كوها
        مكتبة القاهرة الكبرى مكتبة القاهرة الكبرى 03/26/2014   796.33\ش ز 117784 03/26/2014 03/26/2014 كتاب

Powered By

EGPV